<?xml version="1.0" encoding="UTF-8"?>
<record
    xmlns:xsi="http://www.w3.org/2001/XMLSchema-instance"
    xsi:schemaLocation="http://www.loc.gov/MARC21/slim http://www.loc.gov/standards/marcxml/schema/MARC21slim.xsd"
    xmlns="http://www.loc.gov/MARC21/slim">

  <leader>00941cam a2200253 a 4500</leader>
  <controlfield tag="001">000006810</controlfield>
  <controlfield tag="005">20200929154011.0</controlfield>
  <controlfield tag="008">820610s1967    sp ab         001 0 spa d</controlfield>
  <datafield tag="040" ind1=" " ind2=" ">
    <subfield code="a">DO-SdBNP</subfield>
    <subfield code="c">CarP</subfield>
    <subfield code="d">DLC</subfield>
    <subfield code="d">BNPHU</subfield>
  </datafield>
  <datafield tag="043" ind1=" " ind2=" ">
    <subfield code="a">e-sp---</subfield>
  </datafield>
  <datafield tag="082" ind1=" " ind2=" ">
    <subfield code="a">NNNN</subfield>
    <subfield code="b">B425e</subfield>
  </datafield>
  <datafield tag="100" ind1="1" ind2=" ">
    <subfield code="a">Beladiez, Emilio,</subfield>
    <subfield code="9">6831</subfield>
  </datafield>
  <datafield tag="245" ind1="1" ind2="0">
    <subfield code="a">Espa&#xF1;a y el sacro imperio romano germ&#xE1;nico :</subfield>
    <subfield code="b">wallenstein (1583-1634) /</subfield>
    <subfield code="c">Emilio Beladiez ; pr&#xF3;logo de Marqu&#xE9;s de lozoya.</subfield>
  </datafield>
  <datafield tag="260" ind1=" " ind2=" ">
    <subfield code="a">Madrid :</subfield>
    <subfield code="b">Prensa Espa&#xF1;ola,</subfield>
    <subfield code="c">1967.</subfield>
  </datafield>
  <datafield tag="300" ind1=" " ind2=" ">
    <subfield code="a">397 p. :</subfield>
    <subfield code="b">ill., mapas ;</subfield>
    <subfield code="c">22 cm.</subfield>
  </datafield>
  <datafield tag="490" ind1="1" ind2=" ">
    <subfield code="a">Los tres dados</subfield>
  </datafield>
  <datafield tag="600" ind1="1" ind2="0">
    <subfield code="a">Wallenstein, Albrecht Wenzel Eusebius von,</subfield>
    <subfield code="c">Herzog von Friedland, 1583-1634.</subfield>
    <subfield code="9">18936</subfield>
  </datafield>
  <datafield tag="651" ind1=" " ind2="0">
    <subfield code="a">Spain</subfield>
    <subfield code="x">History</subfield>
    <subfield code="y">House of Austria, 1516-1700.</subfield>
    <subfield code="9">18937</subfield>
  </datafield>
  <datafield tag="651" ind1=" " ind2="0">
    <subfield code="a">Holy Roman Empire</subfield>
    <subfield code="x">History</subfield>
    <subfield code="y">1517-1648.</subfield>
    <subfield code="9">18938</subfield>
  </datafield>
  <datafield tag="700" ind1="1" ind2=" ">
    <subfield code="a">Marqu&#xE9;s de lozoya,</subfield>
    <subfield code="e">pr&#xF3;l.</subfield>
    <subfield code="9">18939</subfield>
  </datafield>
  <datafield tag="830" ind1=" " ind2="4">
    <subfield code="a">Los tres dados</subfield>
    <subfield code="9">6832</subfield>
  </datafield>
  <datafield tag="910" ind1=" " ind2=" ">
    <subfield code="a">Catalogaci&#xF3;n derivada</subfield>
  </datafield>
  <datafield tag="049" ind1=" " ind2=" ">
    <subfield code="a">BNGR</subfield>
  </datafield>
  <datafield tag="952" ind1=" " ind2=" ">
    <subfield code="0">0</subfield>
    <subfield code="1">0</subfield>
    <subfield code="5">3</subfield>
    <subfield code="7">2</subfield>
    <subfield code="8">MO</subfield>
    <subfield code="a">GR</subfield>
    <subfield code="b">GR</subfield>
    <subfield code="c">CT</subfield>
    <subfield code="d">2009-09-02</subfield>
    <subfield code="i">LF1</subfield>
    <subfield code="l">0</subfield>
    <subfield code="o">NNNN B425e</subfield>
    <subfield code="p">6810-10</subfield>
    <subfield code="r">2020-06-25</subfield>
    <subfield code="t">e. 1</subfield>
    <subfield code="w">2020-06-25</subfield>
    <subfield code="y">2</subfield>
    <subfield code="Z">Pr&#xE9;stamo interno</subfield>
  </datafield>
  <datafield tag="999" ind1=" " ind2=" ">
    <subfield code="c">6598</subfield>
    <subfield code="d">6598</subfield>
  </datafield>
</record>
